The life of Hans Christian Andersen /

Bibliographic Details
Main Author: Toksvig, Signe, 1891-1983
Format: Microform Book
Language:English
Published: London : Macmillan, 1934.
Series:Opie collection of children's literature ; 040:005.
Subjects:

MARC

Tag First Indicator Second Indicator Subfields
LEADER 00000cam a2200000Ia 4500
001 in00002599721
005 20151201154545.0
007 he amv---bacp
007 hz bhv---babp
008 080904s1934 enkac b 001 0beng d
035 |a (OCoLC)ocn245241552 
035 |a (OCoLC)245241552 
037 |a CL0021000040  |b ProQuest, 789 E. Eisenhower Parkway, Ann Arbor, MI 48108-3218 
040 |a UMI  |c UMI  |d UtOrBLW 
049 |a UMIA 
090 |a PZ5  |b .O67 1990 no.040:005. 
100 1 |a Toksvig, Signe,  |d 1891-1983. 
245 1 4 |a The life of Hans Christian Andersen /  |c by Signe Toksvig. 
264 1 |a London :  |b Macmillan,  |c 1934. 
300 |a xii, 289 pages :  |b illustrations, portraits 
336 |a text  |b txt  |2 rdacontent 
337 |a microform  |b h  |2 rdamedia 
338 |a microfiche  |b he  |2 rdacarrier 
500 |a Includes index. 
500 |a Reproduction of original in the Bodleian Library. 
510 4 |a Opie,  |c Z 19 
533 |a Microfiche.  |b Ann Arbor, Mich. :  |c UMI,  |d 2001.  |e 4 microfiches ; 11 x 15 cm.  |f (Opie collection of children's literature ; 040:005).  |7 s2001 miun b 
500 |a Microform. 
600 1 0 |a Andersen, H. C.  |q (Hans Christian),  |d 1805-1875. 
830 0 |a Opie collection of children's literature ;  |v 040:005. 
994 |a 02  |b UMI 
999 |a MARS 
999 f f |s f392ce30-9706-3dca-ac30-9783ede9a707  |i c0ebbb19-945e-3d95-94cd-8a4bab78f267  |t 0 
952 f f |a Texas A&M University  |b College Station  |c Sterling C. Evans Library  |d Evans: Microforms Fiche (3rd floor)  |t 0  |e PZ5 .O67 1990 no.040:005.  |h Library of Congress classification 
998 f f |a PZ5 .O67 1990 no.040:005.  |t 0  |l Evans: Microforms Fiche (3rd floor)